000
00325nam a2200133Ia 4500
008
220204s9999 xx 000 0 und d
082
_a
576.316
_b
PEA.5
100
_a
LEWIS, K R
245
0
_a
Chromosomes today. V 5.
260
_a
New York
_b
John Wiley
_c
1976
650
_a
Chromosome
700
_a
PEARSON, P L
942
_c
BK
999
_c
27268
_d
27268